000 00207nam a2200109Ia 4500
100 _aLUDLUM/ROBERT.
942 _cBK
245 _aCHANCELLER MANUSCRIPT
260 _b#N/A
546 _aENGLISH
999 _c20694
_d20694